000 00387nam a22001697a 4500
005 20160614121835.0
008 160614b xxu||||| |||| 00| 0 eng d
020 _a978-0-07-061634-9
041 _aeng
082 _b7425
100 _aJawade Kar
_91881
245 _aManagement Information Systems
260 _bTMH
_c2008
300 _a766
650 _aManagement
_9241
942 _cBK
999 _c2645
_d2644